| 000 | 01359cam a2200229 4500 | ||
|---|---|---|---|
| 001 | X105114 | ||
| 008 | 000000n2000 000 0 eng u | ||
| 035 | _a(Sirsi) u105114 | ||
| 245 | _aR v Parliamentary Commissioner for Administration ex p Balchin | ||
| 260 | _c2000 | ||
| 490 |
_aJournal of Planning and Environment Law _v[2000] JPL March 2000, 267-281(15) |
||
| 520 | _aQBD 24 May 2000. Proposed County Council highway scheme - side roads and associated orders - public inquiry into orders - orders approved by Secretary of State - complaint by adjoining landowners to the Parliamentary Commisssioner for Administration alleging maladministration - powers under s246(2A) Highway Act - Commissioner's report finding no maladministration - application for judicial review of Commissioner's report upheld - second Commissioner's report finding no maladministration - application for judicial review of Commissioner's second report - application allowed. | ||
| 650 | _aR V PARLIAMENTARY ADMINISTRATION COMMISSIONER EX P BALCHIN | ||
| 650 | _aHIGHWAY ACT | ||
| 650 | _aMALADMINISTRATION | ||
| 650 |
_aCompulsory purchase _96228 |
||
| 650 | _aLOCAL AUTHORITIES | ||
| 650 | _aDEPARTMENT OF TRANSPORT | ||
| 650 | _aPARLIAMENTARY COMMISSIONER FOR ADMINISTRATION | ||
| 690 | _aENVIRONMENTAL AND LAND CONSULTANCY-PLANNING AND DEVELOPMENT | ||
| 942 | _n0 | ||
| 999 |
_c63039 _d63039 |
||